00339nam a22001337a 4500003000400000005001700004008004100021040002200062082001600084100002300100245002900123260003500152300001800187OSt20220928161546.0220914b |||||||| |||| 00| 0 eng d cBiblioteca Lado V a708 bH557m aHernandez, Orlando aMarta Maria Perez Bravo/ aMexicobGaleria Ramis Barquet  a36p.c25x31cm